00315nam a2200109Ia 450000500170000000800410001710000220005824500790008026000260015930000110018565000090019620260328104328.0260328s9999||||xx |||||||||||||| ||und|| aFernández, Luis 0aEl Espacio Privado :b Cinco Siglos en Veinte Palabras /cLuis Fernández bMinisterio de Cultura a366 p. aARTE